| 000 | 006080000a22002290004500 | ||
|---|---|---|---|
| 003 | LK-CoMWRAF | ||
| 005 | 20231004120732.0 | ||
| 008 | 230817t2002 ||||| |||| 00| 0 eng d | ||
| 020 | _a8176492833 | ||
| 040 |
_aLK-CoMWRAF _dLK-CoMWRAF _eLK-CoMWRAF |
||
| 041 | _aeng | ||
| 082 |
_a361 _bBAR |
||
| 100 | _aBarry, Norman P. | ||
| 245 | _aWelfare | ||
| 250 | _a2nd ed. | ||
| 260 |
_aNew Delhi: _bViva books, _c2002 |
||
| 300 |
_aix,[1],155p. ; 22 cm. _bBibliography and index included |
||
| 490 | _aConcepts in social thought | ||
| 650 | _aPUBLIC WELFARE-History | ||
| 650 | _aWelfare state | ||
| 942 | _cBK | ||
| 999 |
_c777 _d777 |
||